00773 2200289 4500001002100000005001500021035002000036007000300056008004100059040002200100082001600122084001800138090002000156100002800176245004300204300002400247650001600271850001200287041000800299740002100307264004600328336002100374337003000395338002300425250001700448990001800465INLIS00000000085036020210830023104 a0010-0819000262ta190814s1950 jki g ind d aYOPDYOGbinderda04223a294.548 a294.548 GAN r aL 294.548 GAN r1 aGandhi, M. Kepengarang0 aReligi susila /cpenulis, M. K. Gandhi a67 halaman ;c16 cm 4aEtika Hindu aYOPDYOG0 aind aEthical religion3 aDjakarta :bPenerbit Balai Pustaka,c1950 2rdacontentateks 2rdamediaatanpa perantara 2rdacarrieravolume aCetakan ke-2 a59255-PD/A.18